[Event "GER-chT U20 Girls"]
[Site "Duesseldorf"]
[Date "2017.12.28"]
[Round "3.2"]
[White "Schiewe, Nadine"]
[Black "Halas, Lena"]
[Result "1/2-1/2"]
[WhiteElo "1645"]
[BlackElo "1804"]
[PlyCount "69"]
[EventDate "2017.12.26"]
[EventType "team-swiss"]
[EventRounds "7"]
[EventCountry "GER"]
[SourceTitle "CBM 182 Extra"]
[Source "ChessBase"]
[SourceDate "2018.02.23"]
[SourceVersion "1"]
[SourceVersionDate "2018.02.23"]
[SourceQuality "1"]
[WhiteTeam "Leegebruch"]
[BlackTeam "Leipzig SG"]
[WhiteTeamCountry "GER"]
[BlackTeamCountry "GER"]

1. e4 c6 2. d4 d5 3. exd5 cxd5 4. Bd3 Nf6 5. h3 Nc6 6. c3 g6 7. Bf4 Bg7 8. Nd2 Qb6 9. Qb3 Qa5 10. Ngf3 0-0 11. 0-0 a6 12. a4 Qd8 13. Rfe1 Na5 14. Qa3 Re8 15. Ne5 Be6 16. b4 Nc6 17. Nxc6 bxc6 18. a5 Qd7 19. Nb3 Ne4 20. Bxe4 dxe4 21. Nc5 Qd5 22. Rxe4 Bf5 23. Re3 e5 24. Bxe5 Bxe5 25. Rxe5 Rxe5 26. dxe5 Qxe5 27. Qb3 Qf4 28. Rd1 Qg5 29. Kh1 Qf4 30. Qb2 Bxh3 31. Qd2 Bxg2+ 32. Kxg2 Qg4+ 33. Kh1 Qh3+ 34. Kg1 Qg4+ 35. Kh1 1/2-1/2

[Event "GER-chT U20 Girls"]
[Site "Duesseldorf"]
[Date "2017.12.27"]
[Round "1.2"]
[White "Schlichter, Lisa"]
[Black "Halas, Lena"]
[Result "0-1"]
[WhiteElo "1638"]
[BlackElo "1804"]
[PlyCount "94"]
[EventDate "2017.12.26"]
[EventType "team-swiss"]
[EventRounds "7"]
[EventCountry "GER"]
[SourceTitle "CBM 182 Extra"]
[Source "ChessBase"]
[SourceDate "2018.02.23"]
[SourceVersion "1"]
[SourceVersionDate "2018.02.23"]
[SourceQuality "1"]
[WhiteTeam "Lingen"]
[BlackTeam "Leipzig SG"]
[WhiteTeamCountry "GER"]
[BlackTeamCountry "GER"]

1. e4 c6 2. d4 d5 3. e5 g6 4. Be3 Bg7 5. Nf3 Nh6 6. Nbd2 Be6 7. Bd3 Nd7 8. 0-0 Nf5 9. c3 0-0 10. Ng5 Nxe3 11. fxe3 Bh6 12. Ndf3 Bg4 13. Qe1 Bxf3 14. Nxf3 Qb6 15. Rb1 c5 16. Kh1 c4 17. Bc2 Qe6 18. e4 Nb6 19. Qh4 Kg7 20. Ng5 Bxg5 21. Qxg5 f6 22. exf6+ exf6 23. Qh4 Rae8 24. Rbe1 Qd7 25. exd5 Nxd5 26. Qg3 b5 27. Qf3 f5 28. h3 b4 29. Qg3 f4 30. Qf2 bxc3 31. bxc3 Nxc3 32. a3 Nd5 33. Be4 Ne3 34. Bf3 Nxf1 35. Rxf1 Re3 36. Rd1 Rxa3 37. d5 Re3 38. Qb2+ c3 39. Qc2 a5 40. Ra1 Ra8 41. Ra4 Rxf3 42. gxf3 Qxh3+ 43. Kg1 Qg3+ 44. Qg2 Qxg2+ 45. Kxg2 Rc8 46. Ra1 c2 47. Rc1 Kf6 0-1

[Event "Lueneburg op-A"]
[Site "Lueneburg"]
[Date "2016.07.08"]
[Round "9"]
[White "Halas, Lena"]
[Black "Schirmer, Werner"]
[Result "1/2-1/2"]
[WhiteElo "1801"]
[BlackElo "1946"]
[PlyCount "47"]
[EventDate "2016.07.01"]
[EventType "swiss"]
[EventRounds "9"]
[EventCountry "GER"]
[SourceTitle "CBM 173 Extra"]
[Source "ChessBase"]
[SourceDate "2016.08.29"]
[SourceVersion "1"]
[SourceVersionDate "2016.08.29"]
[SourceQuality "1"]

1. e4 c5 2. Nf3 Nc6 3. d4 cxd4 4. Nxd4 g6 5. c4 Nf6 6. Nc3 Nxd4 7. Qxd4 d6 8. Be2 Bg7 9. f3 0-0 10. Be3 Ng4 11. Qd2 Nxe3 12. Qxe3 Be6 13. 0-0 Qa5 14. Rac1 Rac8 15. b3 a6 16. Rfd1 Rfe8 17. Na4 b5 18. cxb5 axb5 19. Rxc8 Rxc8 20. Qb6 Qxb6+ 21. Nxb6 Rc2 22. Bxb5 Rxa2 23. Nd5 Kf8 24. Kf1 1/2-1/2

[Event "BL2 Ost 1516 (Women)"]
[Site "Germany"]
[Date "2015.09.27"]
[Round "2.5"]
[White "Mai, Iris"]
[Black "Halas, Lena"]
[Result "1-0"]
[WhiteElo "2100"]
[BlackElo "1792"]
[PlyCount "131"]
[EventDate "2015.09.26"]
[EventType "team-tourn"]
[EventRounds "7"]
[EventCountry "GER"]
[SourceTitle "EXT 2017"]
[Source "ChessBase"]
[SourceDate "2016.10.25"]
[SourceVersion "1"]
[SourceVersionDate "2016.10.25"]
[SourceQuality "1"]
[WhiteTeam "Berlin Rotation (W)"]
[BlackTeam "Leipzig SG (W)"]
[WhiteTeamCountry "GER"]
[BlackTeamCountry "GER"]

1. d4 d5 2. c4 dxc4 3. Nc3 e5 4. dxe5 Qxd1+ 5. Kxd1 Be6 6. Bg5 Be7 7. h4 Nc6 8. Bxe7 Ngxe7 9. f4 0-0-0+ 10. Ke1 Nd4 11. Rc1 Nef5 12. Nd1 Ng3 13. Rh2 Rd7 14. Ne3 Rhd8 15. Nf3 Ndf5 16. Nxf5 Bxf5 17. Kf2 Ne4+ 18. Ke1 b5 19. h5 h6 20. Rh4 Ng3 21. Kf2 Ne4+ 22. Ke1 Nd2 23. g4 Nxf3+ 24. exf3 Bd3 25. Bh3 Kb8 26. g5 Re7 27. gxh6 gxh6 28. Kf2 f6 29. Re1 f5 30. Bf1 Bxf1 31. Kxf1 Rd2 32. Re2 Rd1+ 33. Re1 Rd3 34. Rh3 Rd2 35. Re2 Rd4 36. Rh4 Kc8 37. Kf2 Kd8 38. Ke3 Rd3+ 39. Kf2 Red7 40. Rh1 Rd2 41. Rg1 Rxe2+ 42. Kxe2 Rh7 43. Rg6 c5 44. Rd6+ Ke8 45. Ke3 b4 46. Rc6 Kd8 47. Rxc5 b3 48. axb3 Rb7 49. Rxc4 Rxb3+ 50. Kd4 Rxb2 51. Kd5 a5 52. Rc5 a4 53. Ra5 Rd2+ 54. Ke6 Rh2 55. Kxf5 Rxh5+ 56. Ke4 Rh1 57. Rxa4 h5 58. Ra8+ Ke7 59. f5 h4 60. Rh8 Ra1 61. Rh7+ Ke8 62. f6 Re1+ 63. Kf5 Rf1 64. f4 Rh1 65. e6 Kf8 66. Rh8# 1-0

[Event "GER-chT U20 Girls"]
[Site "Naumburg Saale"]
[Date "2014.12.30"]
[Round "7.1"]
[White "Halas, Lena"]
[Black "Duessler, Stefanie"]
[Result "0-1"]
[WhiteElo "1716"]
[BlackElo "2122"]
[PlyCount "96"]
[EventDate "2014.12.27"]
[EventType "team-swiss"]
[EventRounds "7"]
[EventCountry "GER"]
[SourceTitle "EXT 2016"]
[Source "ChessBase"]
[SourceDate "2015.10.08"]
[SourceVersion "1"]
[SourceVersionDate "2015.10.08"]
[SourceQuality "1"]
[WhiteTeam "Chemnitz USG"]
[BlackTeam "Lehrte"]
[WhiteTeamCountry "GER"]
[BlackTeamCountry "GER"]

1. e4 c5 2. Nf3 e6 3. d4 cxd4 4. Nxd4 Nc6 5. Nc3 Qc7 6. Be2 a6 7. Be3 Nf6 8. a3 Be7 9. 0-0 0-0 10. Kh1 d6 11. f4 Nxd4 12. Qxd4 e5 13. Qd2 exf4 14. Bxf4 Be6 15. Rae1 Rac8 16. Bd3 Nd7 17. Nd5 Bxd5 18. exd5 Bf6 19. c3 Ne5 20. Bf5 Rb8 21. Qf2 g6 22. Bb1 Bg7 23. Bg5 f5 24. h4 h5 25. Qf4 Kh7 26. Qb4 Rf7 27. Be3 b5 28. Bf4 Qc4 29. Qxd6 Re8 30. Bxe5 Bxe5 31. Qb4 Qxd5 32. Rd1 Qe6 33. Rfe1 Qf6 34. Ba2 Rfe7 35. Bd5 f4 36. Rf1 Qxh4+ 37. Kg1 Bb8 38. Bc6 Ba7+ 39. Rd4 Bxd4+ 40. Qxd4 Rf8 41. Bf3 Qf6 42. Qd3 Re3 43. Qd7+ Rf7 44. Qd5 Rfe7 45. Bxh5 gxh5 46. Qxh5+ Kg8 47. Qg4+ Rg7 48. Qc8+ Kh7 0-1

[Event "GER-ch U18 Girls"]
[Site "Magdeburg"]
[Date "2014.06.08"]
[Round "2"]
[White "Halas, Lena"]
[Black "Diederichs, Luise"]
[Result "0-1"]
[WhiteElo "1726"]
[BlackElo "1929"]
[PlyCount "78"]
[EventDate "2014.06.08"]
[EventType "swiss"]
[EventRounds "9"]
[EventCountry "GER"]
[SourceTitle "CBM 160 Extra"]
[Source "ChessBase"]
[SourceDate "2014.07.01"]
[SourceVersion "1"]
[SourceVersionDate "2014.07.01"]
[SourceQuality "1"]

1. e4 c5 2. Nf3 d6 3. d4 cxd4 4. Nxd4 Nf6 5. Nc3 a6 6. Bc4 e6 7. Bb3 b5 8. f3 Qb6 9. Be3 Nc6 10. Qd2 Qc7 11. 0-0 Be7 12. Rad1 0-0 13. Bg5 Nxd4 14. Qxd4 d5 15. Be3 dxe4 16. Nxe4 Nxe4 17. Qxe4 Bb7 18. Qg4 Bc5 19. Bxc5 Qxc5+ 20. Qd4 Qg5 21. Qd7 Bxf3 22. Qd2 Qxd2 23. Rxd2 Bh5 24. Rf4 Rfd8 25. Rfd4 Rxd4 26. Rxd4 Kf8 27. c3 Ke7 28. Bc2 Bg6 29. Bxg6 hxg6 30. Rd2 Rd8 31. Re2 f5 32. Kf2 Kf6 33. Ke3 e5 34. Rf2 e4 35. g4 Rd3+ 36. Ke2 Ke5 37. gxf5 gxf5 38. Rg2 Kf6 39. h4 Rh3 0-1

[Event "GER-ch U25 op-A"]
[Site "Oberhof"]
[Date "2013.05.22"]
[Round "6"]
[White "Halas, Lena"]
[Black "Wendler, Simon"]
[Result "1-0"]
[WhiteElo "1668"]
[BlackElo "1413"]
[PlyCount "57"]
[EventDate "2013.05.19"]
[EventType "swiss"]
[EventRounds "9"]
[EventCountry "GER"]
[SourceTitle "CBM 154 Extra"]
[Source "ChessBase"]
[SourceDate "2013.06.25"]
[SourceVersion "2"]
[SourceVersionDate "2013.06.25"]
[SourceQuality "1"]

1. e4 e5 2. Nf3 Nc6 3. d4 exd4 4. Nxd4 Qh4 5. Nc3 Bb4 6. Ndb5 Ba5 7. Bd3 a6 8. Na3 Nf6 9. Qe2 0-0 10. 0-0 Bxc3 11. bxc3 Re8 12. f3 d5 13. h3 dxe4 14. fxe4 Nxe4 15. Rf4 Qg3 16. Rxe4 Be6 17. Bf4 Qh4 18. Qe3 Qe7 19. Nc4 f5 20. Bg5 Qf7 21. Ne5 Qf8 22. Rf1 h6 23. Nxc6 hxg5 24. Rxe6 bxc6 25. Rxf5 Qa3 26. Rxe8+ Rxe8 27. Qxe8+ Kh7 28. Rxg5+ Kh6 29. Qg6# 1-0

[Event "GER-ch U25 op-A"]
[Site "Oberhof"]
[Date "2013.05.19"]
[Round "2"]
[White "Halas, Lena"]
[Black "Herbrig, Marie Helen"]
[Result "0-1"]
[WhiteElo "1668"]
[BlackElo "1762"]
[PlyCount "94"]
[EventDate "2013.05.19"]
[EventType "swiss"]
[EventRounds "9"]
[EventCountry "GER"]
[SourceTitle "CBM 154 Extra"]
[Source "ChessBase"]
[SourceDate "2013.06.25"]
[SourceVersion "2"]
[SourceVersionDate "2013.06.25"]
[SourceQuality "1"]

1. e4 c5 2. c3 d5 3. e5 Nc6 4. Nf3 Bg4 5. Bb5 Qb6 6. Qa4 Bd7 7. Bxc6 Bxc6 8. Qf4 e6 9. d4 Ne7 10. dxc5 Qxc5 11. Nd4 Ng6 12. Qg3 Bd7 13. 0-0 Be7 14. Nd2 0-0 15. N2b3 Qc7 16. f4 b5 17. Bd2 a5 18. Kh1 Rfc8 19. Ne2 Bf8 20. Nbd4 Ne7 21. Qh3 Rab8 22. g4 b4 23. Qg3 bxc3 24. Bxc3 a4 25. Rac1 Qb7 26. a3 Rc4 27. Bb4 Rbc8 28. Qf3 Nc6 29. Bc3 Bc5 30. Rcd1 Nxd4 31. Nxd4 Bxa3 32. Qe2 Bc5 33. f5 a3 34. fxe6 Bxe6 35. Nxe6 fxe6 36. Qg2 Qb3 37. Qe2 Rb8 38. Rb1 a2 39. Ra1 d4 40. Qf3 Rf8 41. Qc6 dxc3 42. Qxe6+ Kh8 43. Rxf8+ Bxf8 44. Qf7 Qb4 45. bxc3 Qb1+ 46. Kg2 Qe4+ 47. Kh3 Qxg4# 0-1

[Event "Sachsen-ch U16 Girls"]
[Site "Sebnitz"]
[Date "2013.04.04"]
[Round "4"]
[White "Halas, Lena"]
[Black "Fischer, Franziska"]
[Result "1-0"]
[WhiteElo "1702"]
[BlackElo "1046"]
[PlyCount "51"]
[EventDate "2013.04.02"]
[EventType "swiss"]
[EventRounds "7"]
[EventCountry "GER"]
[SourceTitle "EXT 2014"]
[Source "ChessBase"]
[SourceDate "2013.11.20"]
[SourceVersion "1"]
[SourceVersionDate "2013.11.20"]
[SourceQuality "1"]

1. e4 e5 2. Nf3 Nc6 3. d4 exd4 4. Nxd4 Nf6 5. Nc3 d5 6. Bb5 Bd7 7. exd5 Nxd4 8. Bxd7+ Qxd7 9. Qxd4 Bd6 10. 0-0 0-0 11. Bg5 Qf5 12. Bxf6 gxf6 13. Qe4 Qh5 14. g3 f5 15. Qd3 Rae8 16. Rae1 Rxe1 17. Rxe1 Qh3 18. Nb5 Bb4 19. c3 Bc5 20. Qc4 Bb6 21. Nxc7 Qh6 22. Ne8 Qd2 23. Re2 Qg5 24. d6 h5 25. d7 Qd8 26. Qf4 1-0

[Event "Sachsen-ch U16 Girls"]
[Site "Sebnitz"]
[Date "2013.04.03"]
[Round "3"]
[White "Herbrig, Marie Helen"]
[Black "Halas, Lena"]
[Result "1-0"]
[WhiteElo "1689"]
[BlackElo "1702"]
[PlyCount "99"]
[EventDate "2013.04.02"]
[EventType "swiss"]
[EventRounds "7"]
[EventCountry "GER"]
[SourceTitle "EXT 2014"]
[Source "ChessBase"]
[SourceDate "2013.11.20"]
[SourceVersion "1"]
[SourceVersionDate "2013.11.20"]
[SourceQuality "1"]

1. e4 c6 2. d4 d5 3. Nc3 dxe4 4. Nxe4 Bf5 5. Ng3 Bg6 6. Nf3 Nd7 7. h4 h6 8. h5 Bh7 9. Bd3 Bxd3 10. Qxd3 e6 11. Bd2 Ngf6 12. 0-0-0 Qc7 13. Ne4 0-0-0 14. Qe2 Be7 15. c4 Nxe4 16. Qxe4 Nf6 17. Qe2 c5 18. dxc5 Bxc5 19. Ne5 Rhf8 20. Nd3 Bd4 21. Kb1 Rfe8 22. Rc1 e5 23. Rc2 Kb8 24. Nb4 Qb6 25. f3 Qd6 26. Rhc1 Bc5 27. a3 Nxh5 28. Nd5 Nf6 29. Nc3 Qd3 30. Qxd3 Rxd3 31. b4 Rxd2 32. Rxd2 Be3 33. Rcd1 Bxd2 34. Rxd2 Rc8 35. c5 b6 36. Na4 bxc5 37. Nxc5 Kc7 38. Kc2 Rd8 39. Re2 Re8 40. Kd3 Nd5 41. g3 Kc6 42. Kc4 Nb6+ 43. Kc3 Nc8 44. a4 Nd6 45. Kd3 f6 46. Rc2 Kd5 47. Na6 e4+ 48. fxe4+ Nxe4 49. Nc7+ Ke5 50. Nxe8 1-0

[Event "Leipzig VfB op 20th"]
[Site "Leipzig"]
[Date "2013.03.09"]
[Round "9"]
[White "Halas, Lena"]
[Black "Reinsdorf, Christin"]
[Result "1/2-1/2"]
[WhiteElo "1592"]
[BlackElo "1869"]
[PlyCount "61"]
[EventDate "2013.03.05"]
[EventType "swiss"]
[EventRounds "9"]
[EventCountry "GER"]
[SourceTitle "EXT 2014"]
[Source "ChessBase"]
[SourceDate "2013.11.20"]
[SourceVersion "1"]
[SourceVersionDate "2013.11.20"]
[SourceQuality "1"]

1. e4 c6 2. d4 d5 3. Nc3 dxe4 4. Nxe4 Bf5 5. Ng3 Bg6 6. Nf3 Nd7 7. Bd3 Bxd3 8. Qxd3 e6 9. Bf4 Qa5+ 10. c3 Ngf6 11. 0-0 Be7 12. Rfe1 Nd5 13. Bd2 Qc7 14. c4 N5f6 15. Qe2 0-0 16. Rac1 Bd6 17. Ne5 Rad8 18. Bg5 Rc8 19. h3 Bb4 20. Bd2 Bxd2 21. Qxd2 Nxe5 22. dxe5 Nd7 23. Qd6 c5 24. Rcd1 Nb8 25. Qxc7 Rxc7 26. Ne4 b6 27. Rd2 Nc6 28. Nd6 Rd8 29. f4 Rcd7 30. Red1 Kf8 31. Kf2 1/2-1/2

[Event "Leipzig VfB op 20th"]
[Site "Leipzig"]
[Date "2013.03.06"]
[Round "3"]
[White "Halas, Lena"]
[Black "Gross, Reinhard"]
[Result "1/2-1/2"]
[WhiteElo "1592"]
[BlackElo "1794"]
[PlyCount "96"]
[EventDate "2013.03.05"]
[EventType "swiss"]
[EventRounds "9"]
[EventCountry "GER"]
[SourceTitle "EXT 2014"]
[Source "ChessBase"]
[SourceDate "2013.11.20"]
[SourceVersion "1"]
[SourceVersionDate "2013.11.20"]
[SourceQuality "1"]

1. e4 c5 2. Nf3 Nc6 3. d4 cxd4 4. Nxd4 Nf6 5. Nc3 e5 6. Ndb5 d6 7. Bg5 a6 8. Na3 b5 9. Nd5 Be6 10. c3 Be7 11. Bxf6 Bxf6 12. Nc2 Bg5 13. g3 Ne7 14. h4 Bxd5 15. exd5 Bf6 16. Bh3 g6 17. Ne3 Bg7 18. 0-0 0-0 19. h5 g5 20. Nf5 Nxf5 21. Bxf5 h6 22. Kh1 Ra7 23. Qg4 Rc7 24. Rae1 Rc4 25. Re4 Rxe4 26. Qxe4 Qc7 27. Re1 Qb6 28. Qe3 Qxe3 29. fxe3 Rb8 30. e4 Bf6 31. b3 Bd8 32. Rc1 Bb6 33. c4 bxc4 34. Rxc4 Bc5 35. Ra4 Ra8 36. g4 Ra7 37. b4 Bd4 38. Bc8 Kf8 39. Rxa6 Rxa6 40. Bxa6 Ke8 41. Kg2 Kd8 42. Kf3 Kc7 43. Ke2 Kb6 44. Bd3 Bc3 45. a3 f6 46. Kd1 Bb2 47. a4 Ba3 48. b5 Ka5 1/2-1/2

[Event "Sachsen-ch U16 Girls"]
[Site "Sebnitz"]
[Date "2012.04.14"]
[Round "6"]
[White "Halas, Lena"]
[Black "Cozma, Diana"]
[Result "1-0"]
[WhiteElo "1584"]
[BlackElo "1271"]
[PlyCount "105"]
[EventDate "2012.04.10"]
[EventType "swiss"]
[EventRounds "6"]
[EventCountry "GER"]
[SourceTitle "CBM 148 Extra"]
[Source "ChessBase"]
[SourceDate "2012.06.22"]
[SourceVersion "1"]
[SourceVersionDate "2012.06.22"]
[SourceQuality "1"]

1. e4 e5 2. Nf3 Nc6 3. d4 exd4 4. Nxd4 Nf6 5. Nc3 Bc5 6. Be3 Qe7 7. Nf5 Qf8 8. Nxg7+ Qxg7 9. Bxc5 d6 10. Be3 Be6 11. Qd2 0-0-0 12. 0-0-0 Kb8 13. Bg5 Rdg8 14. Bh4 a6 15. Bg3 Rd8 16. f3 Rd7 17. Kb1 Rhd8 18. Bh4 Ne7 19. f4 Bg4 20. Re1 Bh5 21. h3 h6 22. g4 Bg6 23. f5 Bh7 24. Qd4 Ne8 25. Qxg7 Nxg7 26. Bxe7 Rxe7 27. f6 Ree8 28. fxg7 d5 29. Bg2 dxe4 30. Bxe4 Bxe4 31. Rxe4 Rg8 32. Rd1 Rxd1+ 33. Nxd1 Rxg7 34. a3 Kc8 35. Ne3 Rh7 36. h4 Kd8 37. Nf5 Kd7 38. Re7+ Kd8 39. Kc1 h5 40. g5 Rh8 41. Kd2 Re8 42. Rxe8+ Kxe8 43. Ng7+ Ke7 44. Nxh5 Ke6 45. Nf6 Kf5 46. Ke3 c6 47. b4 b5 48. Kd4 Ke6 49. Kc5 Ke5 50. h5 Kf5 51. h6 Kg6 52. h7 Kg7 53. Kxc6 1-0

[Event "GER-chT U14 Girls"]
[Site "Arendsee"]
[Date "2011.12.28"]
[Round "3.1"]
[White "Halas, Lena"]
[Black "Nobis, Anna"]
[Result "1/2-1/2"]
[WhiteElo "1592"]
[BlackElo "1560"]
[PlyCount "63"]
[EventDate "2011.12.27"]
[EventType "team-swiss"]
[EventRounds "7"]
[EventCountry "GER"]
[SourceTitle "EXT 2022"]
[Source "ChessBase"]
[SourceDate "2021.10.06"]
[SourceVersion "1"]
[SourceVersionDate "2021.10.06"]
[SourceQuality "1"]
[WhiteTeam "Chemnitz USG U14 Girls"]
[BlackTeam "Chemnitz Aufbau U14 Girls"]
[WhiteTeamCountry "GER"]
[BlackTeamCountry "GER"]

1. e4 c5 2. Nf3 Nc6 3. d4 cxd4 4. Nxd4 e5 5. Nb5 d6 6. c4 Be6 7. N1c3 a6 8. Na3 Be7 9. Bd3 Nf6 10. Bg5 0-0 11. Bd2 Rc8 12. Nc2 Nb8 13. b3 Nbd7 14. Ne3 Nc5 15. Bc2 Rb8 16. Qe2 Bd7 17. Ned5 b5 18. Nxe7+ Qxe7 19. Nd5 Nxd5 20. cxd5 f5 21. exf5 Bxf5 22. Bxf5 Rxf5 23. Qg4 Rbf8 24. 0-0 e4 25. Rae1 Rxd5 26. Bc1 Re5 27. Rd1 Re6 28. Bg5 Qf7 29. Be3 Rg6 30. Qh4 Qf3 31. g3 Nd3 32. Qe7 1/2-1/2

[Event "GER-chT U14 Girls"]
[Site "Arendsee"]
[Date "2011.12.27"]
[Round "1.1"]
[White "Bork, Sophie"]
[Black "Halas, Lena"]
[Result "0-1"]
[WhiteElo "1548"]
[BlackElo "1592"]
[PlyCount "80"]
[EventDate "2011.12.27"]
[EventType "team-swiss"]
[EventRounds "7"]
[EventCountry "GER"]
[SourceTitle "EXT 2022"]
[Source "ChessBase"]
[SourceDate "2021.10.06"]
[SourceVersion "1"]
[SourceVersionDate "2021.10.06"]
[SourceQuality "1"]
[WhiteTeam "Welper SV U14 Girls"]
[BlackTeam "Chemnitz USG U14 Girls"]
[WhiteTeamCountry "GER"]
[BlackTeamCountry "GER"]

1. e4 c6 2. d4 d5 3. exd5 cxd5 4. c4 Nf6 5. Nc3 e6 6. a3 Nc6 7. Nf3 Be7 8. Bd3 0-0 9. 0-0 b6 10. Bg5 Ba6 11. cxd5 Bxd3 12. Qxd3 Nxd5 13. Bxe7 Ncxe7 14. Rfe1 Rc8 15. Ne5 Nf5 16. Rad1 Qd6 17. Ne4 Qc7 18. g3 Qc2 19. Qd2 Rfd8 20. Nf3 Qb3 21. Rc1 Qxf3 22. Rxc8 Rxc8 23. Ng5 Qb3 24. Qe2 Nf6 25. Qa6 Rc7 26. Qe2 Nxd4 27. Qe5 Nb5 28. Re3 Qd5 29. Qxd5 Nxd5 30. Rd3 h6 31. Nf3 Rc1+ 32. Kg2 Rc2 33. Rb3 Nd6 34. Ne5 Rd2 35. Nf3 Rd1 36. a4 Nc4 37. Kh3 Rb1 38. Rd3 Rxb2 39. Kg2 Ra2 40. Nd4 Ra3 0-1

[Event "GER-ch U14 Girls"]
[Site "Oberhof"]
[Date "2011.06.18"]
[Round "9"]
[White "Halas, Lena"]
[Black "Schwarz, Larissa"]
[Result "0-1"]
[WhiteElo "1558"]
[BlackElo "1748"]
[PlyCount "132"]
[EventDate "2011.06.11"]
[EventType "swiss"]
[EventRounds "9"]
[EventCountry "GER"]
[SourceTitle "CBM 142 Extra"]
[Source "ChessBase"]
[SourceDate "2011.06.27"]
[SourceVersion "1"]
[SourceVersionDate "2011.06.27"]
[SourceQuality "1"]

1. e4 c5 2. Nf3 a6 3. d4 cxd4 4. Nxd4 Nf6 5. Nc3 e5 6. Nb3 Bb4 7. Bg5 Bxc3+ 8. bxc3 h6 9. Bh4 Nc6 10. Bd3 b6 11. Qf3 Bb7 12. 0-0 Rc8 13. Rab1 Qe7 14. Rb2 g5 15. Bg3 h5 16. h3 Rb8 17. Qe3 h4 18. Bh2 g4 19. Kh1 Bc8 20. Nd2 d6 21. Rxb6 Rxb6 22. Qxb6 Qb7 23. Qxb7 Bxb7 24. Nc4 Ke7 25. f3 gxh3 26. gxh3 Bc8 27. Rd1 Bxh3 28. Be2 Rd8 29. Ne3 a5 30. Bb5 Na7 31. Ba4 Rc8 32. c4 Be6 33. Nd5+ Nxd5 34. cxd5 Bd7 35. Bxd7 Kxd7 36. Bg1 Nb5 37. Rb1 Na3 38. Rb7+ Rc7 39. Rxc7+ Kxc7 40. Bf2 Nxc2 41. Bxh4 a4 42. Bg5 Nb4 43. a3 Nc2 44. f4 Nxa3 45. fxe5 dxe5 46. Bd2 Nc4 47. Bc3 a3 48. Kh2 f6 49. Kg3 a2 50. Kf3 Nd2+ 51. Ke3 Nb3 52. Kd3 Nc5+ 53. Ke3 Kd6 54. Bb2 Ke7 55. Bc3 Na4 56. Ba1 Kd6 57. Kd2 Kc5 58. Kd1 Kc4 59. Kc2 Nc5 60. d6 Kb5 61. Kb2 Kc6 62. Kxa2 Kxd6 63. Kb2 Nxe4 64. Kc2 Kd5 65. Kd3 Nc5+ 66. Ke3 f5 0-1

[Event "GER-ch U14 Girls"]
[Site "Oberhof"]
[Date "2011.06.16"]
[Round "7"]
[White "Weber, Sandra"]
[Black "Halas, Lena"]
[Result "1/2-1/2"]
[WhiteElo "1624"]
[BlackElo "1558"]
[PlyCount "78"]
[EventDate "2011.06.11"]
[EventType "swiss"]
[EventRounds "9"]
[EventCountry "GER"]
[SourceTitle "CBM 142 Extra"]
[Source "ChessBase"]
[SourceDate "2011.06.27"]
[SourceVersion "1"]
[SourceVersionDate "2011.06.27"]
[SourceQuality "1"]

1. e4 c6 2. d4 d5 3. Nc3 dxe4 4. Nxe4 Bf5 5. Ng3 Bg6 6. h4 h6 7. Nf3 e6 8. h5 Bh7 9. Bd3 Bxd3 10. Qxd3 Nd7 11. Bd2 Qc7 12. Qe2 Be7 13. 0-0-0 0-0-0 14. Ne5 Rf8 15. Kb1 Ngf6 16. Rhe1 Qb6 17. Nc4 Qa6 18. Ne5 Qxe2 19. Rxe2 Bd6 20. c4 c5 21. Bc3 cxd4 22. Bxd4 Bxe5 23. Bxe5 Nxe5 24. Rxe5 Rd8 25. Ree1 Kc7 26. Kc2 Kc6 27. Kc3 Rxd1 28. Rxd1 Rc8 29. b4 Kc7 30. Kb3 Rd8 31. Rxd8 Kxd8 32. c5 Kc7 33. b5 Nd5 34. Ne2 Kd7 35. Kc4 Kc7 36. a4 Ne7 37. Nc3 Ng8 38. Kd4 Ne7 39. Ne4 Nf5+ 1/2-1/2

[Event "GER-ch U14 Girls"]
[Site "Oberhof"]
[Date "2011.06.14"]
[Round "4"]
[White "Schaefer, Annabelle"]
[Black "Halas, Lena"]
[Result "1/2-1/2"]
[WhiteElo "1545"]
[BlackElo "1558"]
[PlyCount "38"]
[EventDate "2011.06.11"]
[EventType "swiss"]
[EventRounds "9"]
[EventCountry "GER"]
[SourceTitle "CBM 142 Extra"]
[Source "ChessBase"]
[SourceDate "2011.06.27"]
[SourceVersion "1"]
[SourceVersionDate "2011.06.27"]
[SourceQuality "1"]

1. e4 c6 2. d4 d5 3. exd5 cxd5 4. Bd3 Nc6 5. c3 Nf6 6. h3 e6 7. Nf3 Bd6 8. 0-0 a6 9. Re1 0-0 10. Qe2 b5 11. Ne5 Na5 12. Bg5 h6 13. Bh4 Nc4 14. Nc6 Qc7 15. Bxf6 gxf6 16. Qg4+ Kh8 17. Qh4 Kg7 18. Qg4+ Kh8 19. Qh4 Kg7 1/2-1/2

[Event "Sachsen-ch U14 Girls"]
[Site "Sebnitz"]
[Date "2011.04.29"]
[Round "5"]
[White "Halas, Lena"]
[Black "Herbrig, Marie Helen"]
[Result "1-0"]
[WhiteElo "1501"]
[BlackElo "1661"]
[PlyCount "139"]
[EventDate "2011.04.26"]
[EventType "swiss"]
[EventRounds "7"]
[EventCountry "GER"]
[SourceTitle "EXT 2012"]
[Source "ChessBase"]
[SourceDate "2011.11.24"]
[SourceVersion "1"]
[SourceVersionDate "2011.11.24"]
[SourceQuality "1"]

1. e4 c5 2. Nf3 e6 3. d4 cxd4 4. Nxd4 a6 5. Nc3 Qc7 6. Bd3 Nf6 7. 0-0 b5 8. Kh1 Bb7 9. Qe2 Nc6 10. Nxc6 Bxc6 11. f4 d6 12. a3 Be7 13. Bd2 e5 14. Rae1 0-0 15. f5 Rfe8 16. Rf3 Rac8 17. Rg3 Kh8 18. Bg5 Red8 19. Rh3 d5 20. exd5 Bxd5 21. Qxe5 Bd6 22. Nxd5 Bxe5 23. Nxc7 Bxc7 24. Re7 Re8 25. Bxf6 gxf6 26. Rhe3 Rf8 27. g3 Be5 28. b3 Rc3 29. Kg2 Bd6 30. Re8 Kg7 31. Rxf8 Kxf8 32. a4 bxa4 33. bxa4 a5 34. Re4 Bb4 35. Rc4 Ra3 36. Rc8+ Ke7 37. Bb5 Ra2 38. Kf3 Kd6 39. Rc6+ Ke5 40. Kg4 Ra3 41. Rc7 h6 42. Rxf7 Ra1 43. Rh7 Bd2 44. c4 Rc1 45. Rd7 Bb4 46. Rh7 Bd2 47. Re7+ Kd4 48. Rd7+ Ke3 49. Rd6 Bc3 50. c5 Be5 51. Rd3+ Ke4 52. c6 Rh1 53. Rd2 Rc1 54. Bd3+ Ke3 55. Rc2 Rxc2 56. Bxc2 Kd4 57. Kh5 Kc5 58. Be4 Kb4 59. Bc2 Kc5 60. Kxh6 Kxc6 61. Kg6 Kd6 62. h4 Bxg3 63. h5 Bf4 64. h6 Bxh6 65. Kxh6 Ke7 66. Kg6 Ke8 67. Kxf6 Kf8 68. Bb3 Ke8 69. Kg7 Ke7 70. f6+ 1-0

[Event "Leipzig VfB op 18th"]
[Site "Leipzig"]
[Date "2011.03.22"]
[Round "1"]
[White "Reimann, Hubert"]
[Black "Halas, Lena"]
[Result "1-0"]
[WhiteElo "1954"]
[BlackElo "1443"]
[PlyCount "43"]
[EventDate "2011.03.20"]
[EventType "swiss"]
[EventRounds "9"]
[EventCountry "GER"]
[SourceTitle "CBM 141 Extra"]
[Source "ChessBase"]
[SourceDate "2011.05.03"]
[SourceVersion "1"]
[SourceVersionDate "2011.05.03"]
[SourceQuality "1"]

1. d4 d5 2. Nf3 e6 3. c4 f5 4. Nc3 Nf6 5. e3 c6 6. Bd3 Bd6 7. 0-0 0-0 8. b3 Ne4 9. Bb2 Nd7 10. Rc1 Ndf6 11. Ne5 Qc7 12. Ne2 Bxe5 13. dxe5 Ng4 14. Bxe4 fxe4 15. cxd5 exd5 16. Qxd5+ cxd5 17. Rxc7 Re8 18. Rfc1 g6 19. h3 Nh6 20. Nf4 Rd8 21. e6 b6 22. Rg7+ 1-0